[Event "Sparkassen-Open B"]
[Site "Heusenstamm, Martinsee"]
[Date "2017.11.26"]
[Round "7.14"]
[White "Draxler, Gottfried"]
[Black "Müller, Maximilian"]
[Result "1-0"]
[WhiteElo "1781"]
[BlackElo "1362"]
[PlyCount "79"]
[EventDate "2017.??.??"]
[WhiteTeam "SF Neuberg"]
[BlackTeam "SC Eppelborn"]

1. c4 Nf6 2. g3 g6 3. Bg2 Bg7 4. Nc3 e6 5. e3 O-O 6. Nge2 d5 7. cxd5 exd5 8. d4
c6 9. O-O Bf5 10. b3 Qd7 11. Re1 Re8 12. Bb2 Bh3 13. Bxh3 Qxh3 14. Nf4 Qd7 15.
Kg2 Qe7 16. Rc1 Nbd7 17. Na4 Rac8 18. Rc2 Qd6 19. Qc1 Qc7 20. Ba3 Bf8 21. Bxf8
Rxf8 22. b4 a6 23. Nc3 Qd6 24. Nd3 Nb6 25. Nc5 Qc7 26. N3a4 Nc4 27. Nc3 b6 28.
Nd3 Rfe8 29. a4 b5 30. a5 Ra8 31. Nc5 Re7 32. Rce2 Ree8 33. e4 Nd7 34. exd5
Rxe2 35. Rxe2 Nxc5 36. dxc5 cxd5 37. Qd1 Rd8 38. Qd4 Qc6 39. Kg1 f5 40. Re7 1-0

[Event "Sparkassen-Open B"]
[Site "Heusenstamm, Martinsee"]
[Date "2017.11.26"]
[Round "7.15"]
[White "Kodalle, Dominik"]
[Black "Schwarz, Matthias"]
[Result "0-1"]
[WhiteElo "1589"]
[BlackElo "1767"]
[PlyCount "102"]
[EventDate "2017.??.??"]
[WhiteTeam "Aschaffenburg-Schweinheim"]
[BlackTeam "SG Idstein"]

1. c4 Nf6 2. Nc3 c5 3. g3 e6 4. Bg2 d5 5. cxd5 exd5 6. d3 Be7 7. Nf3 Nc6 8. Bf4
O-O 9. O-O a6 10. a4 Bg4 11. h3 Be6 12. g4 Qd7 13. Rc1 Bd6 14. Bh2 Bxh2+ 15.
Nxh2 Rad8 16. f4 Qc7 17. Qc2 Nd4 18. Qd1 Rfe8 19. f5 Bc8 20. Nf3 Nxf3+ 21. Rxf3
a5 22. Nb5 Qb6 23. Kh1 Bd7 24. Rf2 Bxb5 25. axb5 Qxb5 26. Qc2 h6 27. g5 Nh5 28.
Qd2 Qd7 29. Kh2 Qd6+ 30. Kg1 Re5 31. Bf3 Rxf5 32. Bxh5 Rxf2 33. Kxf2 Qh2+ 34.
Kf1 Qxh3+ 35. Kf2 Qxh5 36. Rf1 Qh4+ 37. Kg2 Re8 38. Rh1 Qg4+ 39. Kf2 Re5 40.
Ke1 Qxg5 41. Qc3 d4 42. Qc2 h5 43. Rf1 h4 44. Kd1 h3 45. Qb3 Qe3 46. Qxf7+ Kh7
47. Rf2 Rg5 48. Rf1 h2 49. b3 Qg1 50. Rxg1 hxg1=Q+ 51. Kd2 Qe3+ 0-1

[Event "Sparkassen-Open B"]
[Site "Heusenstamm, Martinsee"]
[Date "2017.11.26"]
[Round "7.16"]
[White "Senatov, Boris"]
[Black "Adlhoch, Walter"]
[Result "1-0"]
[WhiteElo "1704"]
[BlackElo "1542"]
[PlyCount "21"]
[EventDate "2017.??.??"]
[WhiteTeam "SC Heusenstamm"]
[BlackTeam "SK Schwandorf"]

1. e4 c5 2. c3 d5 3. exd5 Qxd5 4. d4 cxd4 5. cxd4 Nc6 6. Nf3 Bg4 7. Nc3 Qd8 8.
d5 Bxf3 9. Qxf3 Nb4 10. Bb5+ Nc6 11. dxc6 1-0

[Event "Sparkassen-Open B"]
[Site "Heusenstamm, Martinsee"]
[Date "2017.11.26"]
[Round "7.17"]
[White "Mehl, Ulrich"]
[Black "Bayer, Oliver"]
[Result "1-0"]
[WhiteElo "1599"]
[BlackElo "1526"]
[PlyCount "89"]
[EventDate "2017.??.??"]
[WhiteTeam "Berkershm"]
[BlackTeam "SK Gründau"]

1. d4 d5 2. c4 e6 3. Nc3 Nf6 4. Bg5 Bb4 5. e3 O-O 6. Nf3 Nbd7 7. Bd3 c5 8. cxd5
exd5 9. O-O Bxc3 10. bxc3 b6 11. e4 Qc7 12. exd5 Nxd5 13. c4 N5f6 14. d5 Re8
15. Re1 a6 16. Qd2 Bb7 17. Bf4 Rxe1+ 18. Rxe1 Qc8 19. Re7 Qd8 20. Qe2 h6 21.
Bg3 Qf8 22. Nh4 Re8 23. Bd6 Rxe7 24. Bxe7 Qe8 25. Nf5 Qa8 26. Bxf6 Nxf6 27. Qf3
Qd8 28. Qg3 Nh5 29. Qe5 Kf8 30. d6 Nf6 31. Ne7 Nd7 32. Qf4 Nf6 33. Bf5 g6 34.
Bxg6 fxg6 35. Qxf6+ Ke8 36. Qxg6+ Kd7 37. Qxh6 b5 38. cxb5 axb5 39. Nf5 Qe8 40.
Qg7+ Kc6 41. Qc7+ Kd5 42. Qxb7+ Kc4 43. Ne3+ Kb4 44. d7 Qe4 45. Qxe4+ 1-0

[Event "Sparkassen-Open B"]
[Site "Heusenstamm, Martinsee"]
[Date "2017.11.26"]
[Round "7.18"]
[White "Skopp, Jonathan"]
[Black "Westhof, Benedikt"]
[Result "0-1"]
[WhiteElo "1218"]
[BlackElo "1681"]
[PlyCount "69"]
[EventDate "2017.??.??"]
[WhiteTeam "SV Empor Erfurt"]
[BlackTeam "SC Heusenstamm"]

1. d4 d5 2. Bf4 Nf6 3. Nf3 Bf5 4. e3 e6 5. Nbd2 c5 6. c3 Nc6 7. Ne5 c4 8. Ndf3
Nh5 9. Bg3 Nxg3 10. hxg3 Bd6 11. Nxc6 bxc6 12. Nh4 Be4 13. Qg4 Qf6 14. f3 h5
15. Qh3 Bh7 16. f4 g5 17. fxg5 Qxg5 18. Nf3 Qxe3+ 19. Kd1 Bf5 20. Qh4 Qe4 21.
Qxe4 Bxe4 22. g4 Bxf3+ 23. gxf3 h4 24. Bh3 Ke7 25. Ke2 Bf4 26. Kf2 Rab8 27. b3
cxb3 28. axb3 Rxb3 29. Rxa7+ Kf6 30. Ra6 Rxc3 31. Rd1 Rb8 32. Ra2 Rbb3 33. Bg2
h3 34. Bh1 Rb4 35. Rad2 0-1

[Event "Sparkassen-Open B"]
[Site "Heusenstamm, Martinsee"]
[Date "2017.11.26"]
[Round "7.19"]
[White "Lehmann, Nils"]
[Black "Stork, Christopher"]
[Result "1/2-1/2"]
[WhiteElo "1524"]
[BlackElo "1664"]
[PlyCount "70"]
[EventDate "2017.??.??"]
[WhiteTeam "SV Lahn Limburg"]
[BlackTeam "SV Oberursel"]

1. e4 c5 2. Nf3 Nc6 3. d4 cxd4 4. Nxd4 g6 5. Nc3 Bg7 6. Nxc6 bxc6 7. Bd2 e6 8.
Bd3 Ne7 9. O-O O-O 10. Qc1 d5 11. exd5 exd5 12. Ne2 Bf5 13. Bxf5 Nxf5 14. c3
Re8 15. Ng3 Nd6 16. Bh6 Rb8 17. Bxg7 Kxg7 18. b3 f5 19. Qb2 Qf6 20. Qc2 Re7 21.
Rae1 Rbe8 22. Rxe7+ Rxe7 23. Qd2 h5 24. Re1 h4 25. Rxe7+ Qxe7 26. Nf1 Ne4 27.
Qc2 Qc5 28. c4 d4 29. Nd2 d3 30. Qb2+ Kh7 31. Nxe4 fxe4 32. Qf6 Qf5 33. Qe7+
Kg8 34. Qe8+ Kh7 35. Qe7+ Kg8 1/2-1/2

[Event "Sparkassen-Open B"]
[Site "Heusenstamm, Martinsee"]
[Date "2017.11.26"]
[Round "7.20"]
[White "Grabs, Peter jr"]
[Black "Werner, Tom"]
[Result "0-1"]
[WhiteElo "1319"]
[BlackElo "1627"]
[PlyCount "122"]
[EventDate "2017.??.??"]
[WhiteTeam "SC Empor Potsdam"]
[BlackTeam "VSG Offenbach"]

1. e4 e6 2. d4 d5 3. Nd2 Nf6 4. e5 Nfd7 5. f4 c5 6. Ngf3 Nc6 7. c3 Be7 8. Bd3
cxd4 9. Nxd4 Qb6 10. Nxc6 bxc6 11. Nf3 Ba6 12. Bxa6 Qxa6 13. Qe2 Qxe2+ 14. Kxe2
c5 15. Be3 O-O 16. Rad1 Rab8 17. Rd2 Rb7 18. Rhd1 Rfb8 19. b3 a5 20. Rb2 h6 21.
g4 Nb6 22. Bf2 a4 23. bxa4 Nxa4 24. Rxb7 Rxb7 25. Be1 Rb2+ 26. Rd2 Nxc3+ 27.
Kd3 Rxd2+ 28. Bxd2 Nxa2 29. Kc2 c4 30. Nd4 Nb4+ 31. Bxb4 Bxb4 32. Nc6 Bc5 33.
f5 Kf8 34. h4 Ke8 35. f6 g6 36. Kc3 Kd7 37. Nb8+ Kc8 38. Nc6 Kc7 39. Na5 Kb6
40. Nxc4+ dxc4 41. Kxc4 Bf2 42. h5 gxh5 43. gxh5 Kc6 44. Kd3 Kd5 45. Ke2 Bd4
46. Kf3 Bxe5 47. Kg4 Bxf6 48. Kf4 Bg5+ 49. Kg4 Ke4 50. Kh3 Kf3 51. Kh2 e5 52.
Kg1 e4 53. Kf1 e3 54. Ke1 Bh4+ 55. Kd1 e2+ 56. Kd2 e1=Q+ 57. Kd3 Qe4+ 58. Kd2
Qe3+ 59. Kd1 Qe2+ 60. Kc1 Bf6 61. Kb1 Qb2# 0-1

[Event "Sparkassen-Open B"]
[Site "Heusenstamm, Martinsee"]
[Date "2017.11.26"]
[Round "7.21"]
[White "Emig, Nils"]
[Black "Ebeling, Gereon"]
[Result "0-1"]
[WhiteElo "1600"]
[BlackElo "1517"]
[PlyCount "88"]
[EventDate "2017.??.??"]
[WhiteTeam "SK Marburg"]
[BlackTeam "SK Mainaschaff"]

1. d4 d5 2. c4 c6 3. Nc3 Nf6 4. Nf3 e6 5. e3 Nbd7 6. Qc2 Bb4 7. Bd3 dxc4 8.
Bxc4 b5 9. Bd3 Bb7 10. O-O O-O 11. Bd2 Ba5 12. a3 a6 13. b4 Bb6 14. e4 h6 15.
Rfe1 Qe7 16. e5 Nd5 17. Nxd5 cxd5 18. Rac1 Rfc8 19. Qb1 Ba7 20. Be3 Nb6 21. Nd2
Nc4 22. Nxc4 dxc4 23. Be4 Rd8 24. Rcd1 Rd7 25. Bxb7 Rxb7 26. Qe4 Rd8 27. d5
Rxd5 28. Rxd5 exd5 29. Qxd5 Bxe3 30. Rxe3 Rd7 31. Qa8+ Qd8 32. Qxd8+ Rxd8 33.
f4 Rd4 34. f5 Rf4 35. e6 fxe6 36. fxe6 Kf8 37. g3 Rf6 38. Re5 Rf3 39. Kg2 Rxa3
40. Rf5+ Ke8 41. Rf7 Rb3 42. Ra7 Rxb4 43. Rxa6 c3 44. Ra3 c2 0-1

[Event "Sparkassen-Open B"]
[Site "Heusenstamm, Martinsee"]
[Date "2017.11.26"]
[Round "7.22"]
[White "Bahr, Arne"]
[Black "Werner, Rosalie"]
[Result "1/2-1/2"]
[WhiteElo "1681"]
[BlackElo "1494"]
[PlyCount "32"]
[EventDate "2017.??.??"]
[WhiteTeam "SG Turm Kiel"]
[BlackTeam "VSG Offenbach"]

1. f4 d5 2. b3 Bg4 3. h3 Bh5 4. g4 e6 5. Nf3 Bg6 6. e3 h5 7. g5 h4 8. Be2 Nd7
9. Bb2 Ne7 10. Rh2 Nf5 11. Bd3 c6 12. Nd4 Qc7 13. Nxf5 Bxf5 14. Bxf5 exf5 15.
Qe2 Rh7 16. c4 Bc5 1/2-1/2

[Event "Sparkassen-Open B"]
[Site "Heusenstamm, Martinsee"]
[Date "2017.11.26"]
[Round "7.23"]
[White "Gade, Bernt"]
[Black "Pomrehn, Ole Magnus"]
[Result "1/2-1/2"]
[WhiteElo "1666"]
[BlackElo "1512"]
[PlyCount "45"]
[EventDate "2017.??.??"]
[WhiteTeam "Berkershm"]
[BlackTeam "SF Schöneck"]

1. e4 d5 2. exd5 Qxd5 3. Nc3 Qa5 4. d4 c6 5. Nf3 Bg4 6. Bd3 Nf6 7. O-O Nbd7 8.
Re1 e6 9. Bd2 Qc7 10. h3 Bh5 11. g4 Bg6 12. Bg5 Bd6 13. Qe2 Bf4 14. Ne4 Bxg5
15. Nexg5 Bxd3 16. Qxd3 h6 17. Ne4 Nxe4 18. Rxe4 Nf6 19. Re5 Rd8 20. Rae1 Rd5
21. c4 Rxe5 22. Rxe5 Nd7 23. Re3 1/2-1/2

[Event "Sparkassen-Open B"]
[Site "Heusenstamm, Martinsee"]
[Date "2017.11.26"]
[Round "7.24"]
[White "Eckhoff, Mathias"]
[Black "Hansen, Thore"]
[Result "0-1"]
[WhiteElo "1393"]
[BlackElo "1648"]
[PlyCount "110"]
[EventDate "2017.??.??"]
[WhiteTeam "SK Hungen"]
[BlackTeam "vereinslos"]

1. e4 e5 2. Nf3 Nc6 3. Bc4 Be7 4. d3 Nf6 5. c3 O-O 6. O-O d6 7. Nbd2 Be6 8.
Bxe6 fxe6 9. h3 Qd7 10. Qe2 Nh5 11. Nb3 Nf4 12. Bxf4 exf4 13. d4 e5 14. Rad1
Qe8 15. Nbd2 a6 16. d5 Nb8 17. Kh1 Nd7 18. Ng1 Qg6 19. Qg4 Qxg4 20. hxg4 Rf6
21. f3 h5 22. g5 Rg6 23. Nh3 Bxg5 24. Nxg5 Rxg5 25. Kg1 h4 26. Kf2 Kf7 27. Rh1
Rh8 28. Rh3 Rgh5 29. b4 g5 30. Rg1 Nf6 31. Ke2 g4 32. fxg4 Nxg4 33. Nf3 Ne3 34.
Kf2 c6 35. dxc6 bxc6 36. Rgh1 Rg8 37. Nxh4 Rhg5 38. Rg1 d5 39. exd5 Nxd5 40.
Rh2 Ke6 41. Rc1 e4 42. Rg1 Rg3 43. c4 Nxb4 44. Rh3 Nd3+ 45. Kf1 c5 46. Rgh1 Ne5
47. Rxg3 Rxg3 48. Rh3 Nxc4 49. Kf2 e3+ 50. Ke2 Rxh3 51. gxh3 Ke5 52. Nf3+ Kf5
53. Nh4+ Ke4 54. Nf3 Ne5 55. Ng5+ Kf5 0-1

[Event "Sparkassen-Open B"]
[Site "Heusenstamm, Martinsee"]
[Date "2017.11.26"]
[Round "7.25"]
[White "Policarpo, Raphael"]
[Black "Grabs, Peter"]
[Result "1-0"]
[WhiteElo "1633"]
[BlackElo "1481"]
[PlyCount "119"]
[EventDate "2017.??.??"]
[WhiteTeam "SC Heusenstamm"]
[BlackTeam "SC Empor Potsdam"]

1. e4 e5 2. Nf3 Nc6 3. Bb5 Nge7 4. O-O a6 5. Bc4 d5 6. exd5 Nxd5 7. d4 Nb6 8.
Bb3 Nxd4 9. Nxe5 Nxb3 10. axb3 Qxd1 11. Rxd1 Be6 12. Bf4 Bd6 13. Nc3 Bf5 14.
Rd2 f6 15. Nd3 O-O-O 16. Bxd6 Rxd6 17. Na4 Rhd8 18. Rad1 Nxa4 19. bxa4 Bxd3 20.
cxd3 b5 21. axb5 axb5 22. Kf1 Rd4 23. Ke2 g5 24. Ke3 c5 25. Rc1 Re8+ 26. Kf3
g4+ 27. Kg3 Re5 28. f4 Re3+ 29. Kxg4 c4 30. b3 Kd7 31. bxc4 bxc4 32. Rxc4 Rdxd3
33. Rd4+ Rxd4 34. Rxd4+ Ke6 35. f5+ Ke7 36. Rb4 Kf8 37. h4 Re5 38. Rb6 Kf7 39.
Ra6 Re4+ 40. Kh5 Re5 41. g4 Re4 42. Ra8 Kg7 43. Ra7+ Kg8 44. g5 Re5 45. Kh6
Rxf5 46. Rxh7 fxg5 47. Rg7+ Kh8 48. hxg5 Rf1 49. Kg6 Rf2 50. Rf7 Rxf7 51. Kxf7
Kh7 52. g6+ Kh6 53. g7 Kg5 54. g8=R+ Kf5 55. Re8 Kf4 56. Kf6 Kf3 57. Kf5 Kf2
58. Kf4 Kg2 59. Re2+ Kf1 60. Kf3 1-0

[Event "Sparkassen-Open B"]
[Site "Heusenstamm, Martinsee"]
[Date "2017.11.26"]
[Round "7.26"]
[White "Strate, Wolfgang"]
[Black "Löhr, Frank"]
[Result "1-0"]
[WhiteElo "1602"]
[BlackElo "1484"]
[PlyCount "117"]
[EventDate "2017.??.??"]
[WhiteTeam "SC Eschbach"]
[BlackTeam "SF Ötzingen"]

1. d4 d5 2. e4 c6 3. Nd2 dxe4 4. Nxe4 Bf5 5. Ng3 e6 6. Nxf5 exf5 7. Nf3 g6 8.
Bc4 Bg7 9. Ng5 Qe7+ 10. Qe2 Qxe2+ 11. Kxe2 Nh6 12. c3 Nd7 13. Bf4 Nb6 14. Bb3
O-O 15. Rhe1 Nd5 16. Bxd5 cxd5 17. f3 Rac8 18. Kd3 Rfe8 19. Rad1 Bf6 20. h4 Kg7
21. Be5 Ng8 22. f4 h6 23. Nf3 h5 24. Re2 Re7 25. Rde1 Rce8 26. Bxf6+ Kxf6 27.
Rxe7 Rxe7 28. Rxe7 Kxe7 29. b3 f6 30. c4 Kd6 31. c5+ Kc6 32. b4 Ne7 33. a4 Nc8
34. b5+ Kc7 35. Kc3 b6 36. Kb4 Kb7 37. Nd2 a6 38. Nb1 a5+ 39. Kb3 Ne7 40. Nc3
bxc5 41. dxc5 d4 42. Nd1 Nd5 43. g3 Kc7 44. Kc4 Nb4 45. Kxd4 Nc2+ 46. Kc3 Ne1
47. Ne3 Nf3 48. Nd5+ Kb7 49. c6+ Kc8 50. Ne7+ Kc7 51. Nxg6 Ng1 52. Kd3 Nf3 53.
Ne7 Ne1+ 54. Kc3 Nf3 55. Nxf5 Nh2 56. Kc4 Nf1 57. Kc5 Nd2 58. b6+ Kb8 59. c7+
1-0

[Event "Sparkassen-Open B"]
[Site "Heusenstamm, Martinsee"]
[Date "2017.11.26"]
[Round "7.27"]
[White "Hahnenstein, Leon"]
[Black "Deutsch, Volker"]
[Result "1/2-1/2"]
[WhiteElo "1411"]
[BlackElo "1578"]
[PlyCount "39"]
[EventDate "2017.??.??"]
[WhiteTeam "SC Herborn"]
[BlackTeam "SK Gründau"]

1. e4 e5 2. Nf3 Nc6 3. Bc4 Bc5 4. d3 Nf6 5. c3 d6 6. h3 O-O 7. Bg5 h6 8. Bh4
Be6 9. Bb3 Re8 10. O-O Bb6 11. Nbd2 Qe7 12. Re1 Rad8 13. Qc2 Bxb3 14. Nxb3 Qe6
15. Rad1 g5 16. Bg3 d5 17. exd5 Qxd5 18. c4 Qe6 19. Bxe5 Qf5 20. Bxf6 1/2-1/2

[Event "Sparkassen-Open B"]
[Site "Heusenstamm, Martinsee"]
[Date "2017.11.26"]
[Round "7.28"]
[White "Hegmann, Kolja"]
[Black "Bär, Christian"]
[Result "1-0"]
[WhiteElo "1300"]
[BlackElo "1573"]
[PlyCount "63"]
[EventDate "2017.??.??"]
[WhiteTeam "TuS Makkabi"]
[BlackTeam "SC Steinbach"]

1. e4 e5 2. Nf3 Nc6 3. d4 exd4 4. Nxd4 Bc5 5. Be3 Qf6 6. Nxc6 Bxe3 7. fxe3 bxc6
8. Nc3 Ne7 9. Qd2 O-O 10. O-O-O Ng6 11. g3 Ne5 12. Bg2 d6 13. Ne2 Bg4 14. Rdf1
Qe7 15. Nd4 c5 16. Nf5 Qd7 17. h3 Bh5 18. g4 Bg6 19. Qe2 f6 20. h4 Bf7 21. b3
a5 22. g5 fxg5 23. hxg5 a4 24. Bf3 axb3 25. cxb3 c4 26. Qh2 Bg6 27. bxc4 Qe6
28. Be2 Rxa2 29. Qh3 Rxe2 30. Nh6+ gxh6 31. Qxe6+ Bf7 32. Qxh6 1-0

[Event "Sparkassen-Open B"]
[Site "Heusenstamm, Martinsee"]
[Date "2017.11.26"]
[Round "7.29"]
[White "Gräf, Kilian Gabriel"]
[Black "Spill, Werner"]
[Result "0-1"]
[WhiteElo "1573"]
[BlackElo "1372"]
[PlyCount "108"]
[EventDate "2017.??.??"]
[WhiteTeam "SV Frankfurt Nord"]
[BlackTeam "SC Königsspringer Alzenau"]

1. d4 Nf6 2. Nf3 e6 3. c4 b6 4. Bg5 Bb7 5. Nbd2 Be7 6. Qc2 O-O 7. e4 h6 8. Bxf6
Bxf6 9. e5 Be7 10. Bd3 f5 11. Nh4 Bxh4 12. O-O-O a5 13. Rhg1 Bxf2 14. Rgf1 Bxd4
15. Nf3 Be3+ 16. Kb1 Nc6 17. a3 Bd4 18. g4 Nxe5 19. Nxd4 Nxd3 20. gxf5 Nc5 21.
Qe2 Be4+ 22. Ka1 exf5 23. Rg1 Bd3 24. Qh5 Rf6 25. Rxd3 Nxd3 26. Nxf5 Qe8 27.
Nxh6+ Rxh6 28. Qxh6 Qe6 29. Qd2 Nc5 30. Qg2 Re8 31. h4 c6 32. h5 Qh6 33. Ka2
Re5 34. Qh2 Qxh5 35. Qg3 Ne6 36. Rg2 Qg5 37. Qh2 Qf6 38. Rf2 Rf5 39. Qb8+ Nf8
40. Rd2 Qe6 41. b3 Rf1 42. Qxb6 Qf6 43. Qd4 Qxd4 44. Rxd4 Rf2+ 45. Ka1 Rf5 46.
a4 c5 47. Rd6 Rf6 48. Rd5 d6 49. b4 axb4 50. a5 Nd7 51. a6 Nb6 52. Rd3 Nxc4 53.
a7 Rf8 54. Rf3 Ra8 0-1

[Event "Sparkassen-Open B"]
[Site "Heusenstamm, Martinsee"]
[Date "2017.11.26"]
[Round "7.30"]
[White "Al-Butmeh, Firas"]
[Black "Kiel, Gerhard"]
[Result "1-0"]
[WhiteElo "1325"]
[BlackElo "1571"]
[PlyCount "125"]
[EventDate "2017.??.??"]
[WhiteTeam "SV Lahn Limburg"]
[BlackTeam "vereinslos"]

1. e4 g6 2. d4 Bg7 3. c4 d6 4. Nf3 Bg4 5. Be2 Nd7 6. h3 Bxf3 7. Bxf3 e5 8. Be3
Ne7 9. Nc3 Nc6 10. Ne2 exd4 11. Nxd4 Nxd4 12. Bxd4 Ne5 13. Be2 O-O 14. O-O Re8
15. f3 Qe7 16. Qd2 Nc6 17. Bf2 b6 18. Rfe1 Rad8 19. Rad1 Qf6 20. b3 h5 21. Qd5
Ne7 22. Qb7 Rd7 23. Qxa7 Qf4 24. Bxb6 Nc6 25. Qb7 Be5 26. Qxc6 Qh2+ 27. Kf1
cxb6 28. Qxb6 Bg3 29. Qg1 Qxg1+ 30. Kxg1 Bxe1 31. Rxe1 Ra8 32. a4 Kf8 33. Rd1
Rb7 34. Rd3 Ke7 35. f4 Rab8 36. Bd1 Rb4 37. Kf2 R8b6 38. Rd5 Kf6 39. a5 Ra6 40.
Ke3 Ke6 41. Kd4 Rb8 42. Kc3 f6 43. b4 Ke7 44. Be2 Ra7 45. c5 dxc5 46. Rxc5 Rbb7
47. a6 Rc7 48. Rxc7+ Rxc7+ 49. Bc4 Kd6 50. Kb3 h4 51. b5 Kc5 52. Kc3 Kb6 53.
Kd4 Rc5 54. a7 Rc8 55. e5 fxe5+ 56. fxe5 Kxa7 57. e6 Kb6 58. Kd5 Rd8+ 59. Ke5
Rd2 60. e7 Rd1 61. Kf6 Rd6+ 62. Kf7 Rd7 63. Kf8 1-0

[Event "Sparkassen-Open B"]
[Site "Heusenstamm, Martinsee"]
[Date "2017.11.26"]
[Round "7.31"]
[White "El-Lawindy, Asem"]
[Black "Samy A S, Anthoni"]
[Result "1-0"]
[WhiteElo "1562"]
[BlackElo "1098"]
[PlyCount "97"]
[EventDate "2017.??.??"]
[WhiteTeam "VSG Offenbach"]
[BlackTeam "SF Friedberg"]

1. d4 d5 2. c4 Nf6 3. Nc3 e6 4. Nf3 c5 5. Bg5 Be7 6. dxc5 dxc4 7. Qxd8+ Bxd8 8.
e3 Na6 9. Bxc4 Nxc5 10. O-O O-O 11. Rfd1 h6 12. Bh4 g5 13. Bg3 Nfe4 14. Nxe4
Nxe4 15. Be5 f6 16. Bd3 f5 17. Bxe4 fxe4 18. Nd2 Rf5 19. Nxe4 Be7 20. Bd6 Bxd6
21. Rxd6 Rd5 22. Nf6+ Kf7 23. Nxd5 exd5 24. Rd8 Ke7 25. Rh8 Kd7 26. Rh7+ Ke6
27. Rxh6+ Ke5 28. Rh8 b6 29. Rc1 Bb7 30. Rxa8 Bxa8 31. Rc7 a5 32. f3 d4 33.
exd4+ Kxd4 34. Kf2 Bd5 35. b3 a4 36. bxa4 Bxa2 37. Rg7 Bb3 38. Rxg5 Bd5 39. h4
Bc6 40. h5 Kc3 41. h6 Bxa4 42. h7 b5 43. h8=Q+ Kb4 44. Qb2+ Ka5 45. Qc3+ Kb6
46. Rg6+ Kb7 47. Qc6+ Kb8 48. Rg7 Bb3 49. Qb7# 1-0

[Event "Sparkassen-Open B"]
[Site "Heusenstamm, Martinsee"]
[Date "2017.11.26"]
[Round "7.34"]
[White "Wachsmann, Elmar"]
[Black "Hüttinger, Siegfried"]
[Result "1-0"]
[WhiteElo "1665"]
[BlackElo "1519"]
[PlyCount "77"]
[EventDate "2017.??.??"]
[WhiteTeam "SC Groß-Umstadt"]
[BlackTeam "SC Königsspringer Alzenau"]

1. d4 d5 2. Nf3 Nf6 3. c4 c6 4. e3 Bg4 5. Nc3 e6 6. Be2 Bb4 7. Qb3 Bxc3+ 8.
bxc3 b6 9. O-O O-O 10. h3 Bh5 11. Bd2 Ne4 12. Rfd1 Nd7 13. cxd5 exd5 14. c4
Ndf6 15. a4 Ng5 16. a5 Nxf3+ 17. Bxf3 Bxf3 18. gxf3 dxc4 19. Qxc4 Qd7 20. Kg2
b5 21. Qc5 a6 22. Rac1 Rfc8 23. e4 Qe6 24. Bf4 Nd7 25. Qg5 h6 26. Qh5 Nf6 27.
Qe5 g5 28. Qxe6 fxe6 29. Bd6 Nh5 30. Rc2 Ra7 31. Rdc1 Rd7 32. Rxc6 Rxc6 33.
Rxc6 Nf4+ 34. Bxf4 gxf4 35. Rxa6 Rxd4 36. Ra8+ Kf7 37. a6 Ra4 38. a7 b4 39. Rh8
1-0

[Event "Sparkassen-Open B"]
[Site "Heusenstamm, Martinsee"]
[Date "2017.11.26"]
[Round "7.35"]
[White "Fritsch, Reinhold"]
[Black "Giebitz, Walter"]
[Result "1-0"]
[WhiteElo "1653"]
[BlackElo "1483"]
[PlyCount "139"]
[EventDate "2017.??.??"]
[WhiteTeam "SC Somborn"]
[BlackTeam "SC Steinbach"]

1. e4 e5 2. f4 d6 3. Nf3 Nc6 4. Bb5 Bd7 5. O-O Nf6 6. Nc3 Be7 7. a3 a6 8. Bc4
O-O 9. d4 exd4 10. Nxd4 b5 11. Ba2 Nxd4 12. Qxd4 c5 13. Qf2 Be6 14. Bxe6 fxe6
15. Qf3 Nd7 16. Be3 Ne5 17. Qh3 Nc4 18. Qxe6+ Kh8 19. Nd5 Bf6 20. e5 Re8 21.
Qh3 dxe5 22. Nxf6 Qxf6 23. Bxc5 Rac8 24. fxe5 Qxe5 25. b4 Qe4 26. Qd3 Qxd3 27.
cxd3 Nd2 28. Rf2 Nb3 29. Raf1 Nxc5 30. bxc5 h6 31. d4 Re3 32. Rf8+ Rxf8 33.
Rxf8+ Kh7 34. Rf3 Re1+ 35. Kf2 Rd1 36. Ke2 Rxd4 37. Rc3 Rd8 38. c6 Rc8 39. c7
Kg6 40. Ke3 Kf6 41. Rc6+ Ke7 42. Rxa6 Rxc7 43. Kd4 Rc2 44. Rg6 Kf7 45. Rg3 Rc4+
46. Kd5 Ra4 47. Kc5 Ra5 48. Kb4 Ra8 49. Kxb5 g5 50. a4 Kg6 51. a5 Rb8+ 52. Kc6
Rb2 53. Ra3 Rc2+ 54. Kb7 Rb2+ 55. Ka8 h5 56. a6 h4 57. a7 g4 58. Rc3 Rxg2 59.
Rb3 g3 60. hxg3 Rxg3 61. Rxg3+ hxg3 62. Kb7 Kh5 63. a8=Q Kg4 64. Kb6 Kh3 65.
Qh1+ Kg4 66. Qg2 Kf4 67. Kc5 Kg4 68. Kd4 Kf4 69. Qe4+ Kg5 70. Ke3 1-0

[Event "Sparkassen-Open B"]
[Site "Heusenstamm, Martinsee"]
[Date "2017.11.26"]
[Round "7.36"]
[White "Pohle, Saskia"]
[Black "Brunner, Andreas"]
[Result "1-0"]
[WhiteElo "1497"]
[BlackElo "1475"]
[PlyCount "57"]
[EventDate "2017.??.??"]
[WhiteTeam "Muldental Wilkau-Haßlau"]
[BlackTeam "Berkershm"]

1. e4 e6 2. d4 d5 3. Nc3 c5 4. Nf3 Nc6 5. Be3 cxd4 6. Nxd4 Bb4 7. exd5 Bxc3+ 8.
bxc3 exd5 9. Be2 Nf6 10. O-O O-O 11. c4 Ne4 12. Bf3 f5 13. Qd3 Ne5 14. Qe2
Nxf3+ 15. Nxf3 f4 16. Bd4 Bg4 17. Rad1 Re8 18. Qd3 Rc8 19. cxd5 Qxd5 20. c4
Rxc4 21. Ne5 Bxd1 22. Nxc4 Ba4 23. f3 Nc5 24. Qc3 Re7 25. Rc1 b6 26. h3 Bb5 27.
Na3 Ba6 28. Nc2 Na4 29. Qa3 $138 1-0

[Event "Sparkassen-Open B"]
[Site "Heusenstamm, Martinsee"]
[Date "2017.11.26"]
[Round "7.37"]
[White "Espig, Nils"]
[Black "Kremenetskiy, Igor"]
[Result "1/2-1/2"]
[WhiteElo "1409"]
[BlackElo "1603"]
[PlyCount "60"]
[EventDate "2017.??.??"]
[WhiteTeam "USV TU Dresden"]
[BlackTeam "SF Heusenstamm"]

1. e4 d6 2. d4 g6 3. Nf3 Bg7 4. Nc3 Bg4 5. Be2 c6 6. O-O Bxf3 7. Bxf3 Nd7 8.
Bf4 a6 9. Re1 Qc7 10. Qd3 e5 11. Be3 Ngf6 12. Rad1 O-O 13. Bg5 exd4 14. Qxd4
Nd5 15. Nxd5 cxd5 16. Qxd5 Ne5 17. Be2 h6 18. Bf4 Rad8 19. Rd2 Rfe8 20. Red1
Re6 21. c4 b6 22. b4 Bf8 23. c5 b5 24. cxd6 Bxd6 25. Bxh6 Be7 26. Qb3 Rxd2 27.
Rxd2 Nc4 28. Bxc4 bxc4 29. Qc3 Bf6 30. Qf3 Qb7 1/2-1/2

[Event "Sparkassen-Open B"]
[Site "Heusenstamm, Martinsee"]
[Date "2017.11.26"]
[Round "7.38"]
[White "Kail, Thomas"]
[Black "Pessotschinski, Eduard"]
[Result "0-1"]
[WhiteElo "1598"]
[BlackElo "1297"]
[PlyCount "56"]
[EventDate "2017.??.??"]
[WhiteTeam "SK Klingenberg"]
[BlackTeam "TuS Makkabi"]

1. e4 c5 2. Nc3 d6 3. Nf3 Nf6 4. d4 cxd4 5. Nxd4 g6 6. Bd3 Bg7 7. Nb3 a6 8. f3
O-O 9. Be3 Bd7 10. Qd2 Re8 11. O-O-O b5 12. Bh6 Bh8 13. g4 b4 14. Nd5 Nxd5 15.
exd5 a5 16. h4 a4 17. Na1 Qb6 18. Be3 Qb7 19. Be4 a3 20. Bd4 axb2+ 21. Bxb2
Bxb2+ 22. Kxb2 Qa6 23. Nb3 Qxa2+ 24. Kc1 Qa3+ 25. Kb1 Ba4 26. Qd4 Bxb3 27. cxb3
Qa2+ 28. Kc1 Rc8+ 0-1

[Event "Sparkassen-Open B"]
[Site "Heusenstamm, Martinsee"]
[Date "2017.11.26"]
[Round "7.39"]
[White "Landvoigt, Martin"]
[Black "Ketting, Douwe"]
[Result "0-1"]
[WhiteElo "1310"]
[BlackElo "1580"]
[PlyCount "116"]
[EventDate "2017.??.??"]
[WhiteTeam "SF Friedberg"]
[BlackTeam "SC Somborn"]

1. f4 Nf6 2. Nf3 Nc6 3. e3 d6 4. Be2 e5 5. fxe5 dxe5 6. O-O h6 7. c4 e4 8. Ne1
Bc5 9. Nc3 O-O 10. a3 a5 11. b3 Bd6 12. d3 exd3 13. Nxd3 Ne5 14. Nf4 Re8 15. h3
Nc6 16. Ncd5 Ne4 17. Qe1 Ne7 18. Bf3 Ng5 19. Qf2 c6 20. Nxe7+ Rxe7 21. Bd2 Qb6
22. b4 axb4 23. axb4 Rxa1 24. Rxa1 Qc7 25. c5 Be5 26. Ra8 Kh7 27. Bg4 Bxg4 28.
hxg4 Ne4 29. Qe1 g5 30. Qb1 Bxf4 31. exf4 gxf4 32. Bc3 Qd7 33. Rh8+ Kg6 34.
Rg8+ Kh7 35. Rg7+ Kh8 36. Rxf7+ Kg8 37. Rxe7 Qxe7 38. Qb3+ Qf7 39. Qc2 Qc4 40.
Qd1 Nxc3 41. Qd8+ Kg7 42. Qe7+ Qf7 43. Qe5+ Qf6 44. Qc7+ Kg6 45. Qxb7 Kg5 46.
Qd7 Kh4 47. Qd3 Kxg4 48. Qf3+ Kg5 49. g3 Qd4+ 50. Kh2 Qf6 51. Kh3 Qf5+ 52. Kg2
Ne4 53. gxf4+ Qxf4 54. Qxf4+ Kxf4 55. b5 cxb5 56. c6 Nd6 57. Kf2 h5 58. c7 h4
0-1